[Event "Championship Moscow 2015 Seniors rapid"]
[Site "?"]
[Date "2015.11.29"]
[Round "8.13"]
[White "Vul, Arkadi Eremeevich"]
[Black "Melnik, Sergey"]
[Result "1/2-1/2"]
[BlackElo "2104"]
[WhiteElo "2174"]
[LiveChessVersion "1.4.6"]

1. Nf3 {[%clk 0:10:09]} b5 {[%clk 0:10:06]} 2. e3 {[%clk 0:10:05]} a6
{[%clk 0:10:05]} 3. d4 {[%clk 0:10:01]} Bb7 {[%clk 0:10:08]} 4. c4
{[%clk 0:09:57]} bxc4 {[%clk 0:09:57]} 5. Bxc4 {[%clk 0:10:01]} e6
{[%clk 0:09:52]} 6. O-O {[%clk 0:10:00]} Nf6 {[%clk 0:09:54]} 7. Nc3
{[%clk 0:09:48]} Be7 {[%clk 0:09:50]} 8. d5 {[%clk 0:09:46]} exd5
{[%clk 0:09:34]} 9. Nxd5 {[%clk 0:09:49]} O-O {[%clk 0:09:07]} 10. Nxe7+
{[%clk 0:09:18]} Qxe7 {[%clk 0:09:10]} 11. b3 {[%clk 0:09:13]} d5
{[%clk 0:09:02]} 12. Be2 {[%clk 0:09:17]} Nbd7 {[%clk 0:09:02]} 13. Bb2
{[%clk 0:09:17]} c5 {[%clk 0:08:56]} 14. Rc1 {[%clk 0:09:16]} Rac8
{[%clk 0:08:56]} 15. Qd2 {[%clk 0:09:09]} Ne4 {[%clk 0:08:28]} 16. Qa5
{[%clk 0:09:08]} Rc6 {[%clk 0:08:18]} 17. Rfd1 {[%clk 0:08:57]} Rg6
{[%clk 0:08:17]} 18. Qc7 {[%clk 0:08:39]} Ba8 {[%clk 0:03:26]} 19. Qf4
{[%clk 0:07:40]} Re8 {[%clk 0:03:15]} 20. Bf1 {[%clk 0:06:48]} Qe6
{[%clk 0:03:03]} 21. Nd2 {[%clk 0:05:27]} Rg4 {[%clk 0:02:56]} 22. Qc7
{[%clk 0:05:31]} Nxf2 {[%clk 0:02:54]} 23. Re1 {[%clk 0:05:10]} Nh3+ 24. Kh1 Nf2+
{[%clk 0:01:22]} 25. Kg1 {[%clk 0:05:20]} Nh3+ {[%clk 0:01:26]} 26. Kh1
{[%clk 0:05:24]} Nf2+ {[%clk 0:10:05]} 27. Kg1 1/2-1/2

[Event "Championship Moscow 2015 Seniors rapid"]
[Site "?"]
[Date "2015.11.29"]
[Round "8.14"]
[White "Alekhin, Yuri"]
[Black "Zavialov, Vladimir"]
[Result "0-1"]
[BlackElo "2046"]
[WhiteElo "2141"]
[LiveChessVersion "1.4.6"]

1. d4 {[%clk 0:10:08]} Nf6 {[%clk 0:10:09]} 2. Bg5 {[%clk 0:10:11]} d5
{[%clk 0:10:08]} 3. Bxf6 {[%clk 0:10:14]} exf6 {[%clk 0:10:11]} 4. e3
{[%clk 0:10:16]} Bd6 {[%clk 0:10:06]} 5. c4 {[%clk 0:10:20]} c6 {[%clk 0:10:02]}
6. cxd5 {[%clk 0:10:23]} cxd5 {[%clk 0:10:06]} 7. Nc3 {[%clk 0:10:25]} Be6
{[%clk 0:09:11]} 8. g3 {[%clk 0:10:22]} O-O {[%clk 0:09:07]} 9. Bg2
{[%clk 0:10:26]} Qa5 {[%clk 0:08:44]} 10. Nge2 {[%clk 0:10:25]} Nd7
{[%clk 0:08:19]} 11. O-O {[%clk 0:10:22]} Nb6 {[%clk 0:08:13]} 12. a3
{[%clk 0:09:59]} Nc4 {[%clk 0:08:14]} 13. b4 {[%clk 0:09:58]} Qd8
{[%clk 0:08:14]} 14. Nxd5 {[%clk 0:09:32]} Rc8 {[%clk 0:07:24]} 15. Ndf4
{[%clk 0:09:28]} Bg4 {[%clk 0:07:18]} 16. Bxb7 {[%clk 0:09:05]} Bxf4
{[%clk 0:07:07]} 17. gxf4 {[%clk 0:07:41]} Rc7 {[%clk 0:07:02]} 18. Bg2
{[%clk 0:07:42]} Qd7 {[%clk 0:06:54]} 19. Qd3 {[%clk 0:06:45]} Rfc8
{[%clk 0:06:35]} 20. Ng3 {[%clk 0:06:12]} Bh3 {[%clk 0:06:24]} 21. Bxh3
{[%clk 0:06:00]} Qxh3 {[%clk 0:06:27]} 22. Rac1 {[%clk 0:05:46]} g6
{[%clk 0:06:06]} 23. d5 {[%clk 0:04:27]} Ne5 {[%clk 0:05:56]} 24. fxe5
{[%clk 0:03:56]} Rxc1 {[%clk 0:05:59]} 25. exf6 {[%clk 0:03:43]} Rxf1+
{[%clk 0:05:43]} 26. Nxf1 {[%clk 0:02:26]} h5 {[%clk 0:05:32]} 27. Qd1
{[%clk 0:01:31]} Qf5 {[%clk 0:05:20]} 28. Qd4 {[%clk 0:00:53]} Rd8
{[%clk 0:04:07]} 29. e4 {[%clk 0:00:51]} Qg4+ {[%clk 0:04:11]} 30. Kh1
{[%clk 0:00:45]} Re8 {[%clk 0:03:47]} 31. Nd2 {[%clk 0:00:44]} h4
{[%clk 0:03:39]} 0-1

[Event "Championship Moscow 2015 Seniors rapid"]
[Site "?"]
[Date "2015.11.29"]
[Round "8.15"]
[White "Melnik, Viktor"]
[Black "Drozdov, Vladimir E."]
[Result "1/2-1/2"]
[BlackElo "2008"]
[WhiteElo "2131"]
[LiveChessVersion "1.4.6"]

1. e4 {[%clk 0:10:03]} d5 {[%clk 0:10:08]} 2. exd5 {[%clk 0:10:05]} Nf6
{[%clk 0:10:12]} 3. d4 {[%clk 0:09:58]} Nxd5 {[%clk 0:10:15]} 4. Nf3
{[%clk 0:09:58]} Bg4 {[%clk 0:10:17]} 5. Be2 {[%clk 0:10:01]} e6 {[%clk 0:10:21]}
6. O-O {[%clk 0:09:59]} c5 {[%clk 0:10:00]} 7. h3 {[%clk 0:09:34]} Bxf3
{[%clk 0:09:37]} 8. Bxf3 {[%clk 0:09:37]} cxd4 {[%clk 0:09:40]} 9. Qxd4
{[%clk 0:09:39]} Nc6 {[%clk 0:09:44]} 10. Qa4 {[%clk 0:09:27]} Qa5
{[%clk 0:08:46]} 11. Qb3 {[%clk 0:09:13]} O-O-O {[%clk 0:08:30]} 12. Rd1
{[%clk 0:08:28]} Be7 {[%clk 0:08:15]} 13. Bd2 {[%clk 0:07:48]} Qb6
{[%clk 0:06:50]} 14. Qxb6 {[%clk 0:07:48]} axb6 {[%clk 0:06:31]} 15. Nc3
{[%clk 0:06:24]} Ndb4 {[%clk 0:06:32]} 16. Bxc6 {[%clk 0:05:24]} bxc6
{[%clk 0:06:30]} 17. a3 {[%clk 0:04:53]} Nxc2 {[%clk 0:06:12]} 18. Rac1
{[%clk 0:04:57]} Nd4 {[%clk 0:06:15]} 19. Be3 {[%clk 0:04:46]} Nb3
{[%clk 0:05:46]} 20. Rc2 {[%clk 0:04:24]} Rxd1+ 21. Nxd1 {[%clk 0:04:28]} Kb7
{[%clk 0:05:16]} 22. g4 {[%clk 0:03:57]} Rd8 {[%clk 0:05:13]} 23. Nc3
{[%clk 0:03:54]} Nd4 {[%clk 0:04:10]} 24. Rc1 {[%clk 0:03:45]} Nf3+
{[%clk 0:03:37]} 25. Kf1 {[%clk 0:03:37]} Nd2+ {[%clk 0:03:12]} 26. Ke2
{[%clk 0:03:27]} Nc4 {[%clk 0:03:08]} 27. Rc2 {[%clk 0:03:25]} b5
{[%clk 0:02:33]} 28. Ne4 {[%clk 0:03:23]} f5 {[%clk 0:02:08]} 29. Nc5+
{[%clk 0:02:42]} Bxc5 {[%clk 0:01:56]} 30. Bxc5 {[%clk 0:02:46]} Rd5
{[%clk 0:01:52]} 31. Bf8 {[%clk 0:02:34]} Re5+ {[%clk 0:01:38]} 32. Kf3
{[%clk 0:02:24]} g6 {[%clk 0:01:34]} 33. b3 {[%clk 0:02:14]} Nb6 {[%clk 0:01:18]}
34. Kf4 {[%clk 0:01:46]} Re1 {[%clk 0:01:13]} 35. Kg5 {[%clk 0:01:30]} Nd5
{[%clk 0:00:56]} 36. Rd2 {[%clk 0:01:17]} Rh1 {[%clk 0:00:43]} 37. gxf5
{[%clk 0:00:51]} exf5 {[%clk 0:00:41]} 38. h4 {[%clk 0:00:47]} Rh3
{[%clk 0:00:37]} 39. a4 {[%clk 0:00:37]} Rxb3 {[%clk 0:00:25]} 40. axb5
{[%clk 0:00:40]} Rxb5 {[%clk 0:00:29]} 41. Ra2 {[%clk 0:00:44]} c5
{[%clk 0:00:23]} 42. Kh6 {[%clk 0:00:36]} Rb4 {[%clk 0:00:19]} 43. Bxc5
{[%clk 0:00:28]} Rxh4+ {[%clk 0:00:22]} 44. Kg7 {[%clk 0:00:29]} Kc6
{[%clk 0:00:25]} 45. Rc2 {[%clk 0:00:28]} Kd7 {[%clk 0:00:26]} 46. Rd2
{[%clk 0:00:27]} Ke6 {[%clk 0:00:27]} 47. Re2+ {[%clk 0:00:28]} Kd7
{[%clk 0:00:31]} 48. Rd2 {[%clk 0:00:29]} Kc6 {[%clk 0:00:15]} 49. Bd4
{[%clk 0:00:26]} g5 {[%clk 0:00:12]} 50. Be5 {[%clk 0:00:24]} g4 {[%clk 0:00:14]}
51. Rc2+ {[%clk 0:00:26]} Kd7 {[%clk 0:00:18]} 52. Rd2 {[%clk 0:00:23]} Ke6
{[%clk 0:00:21]} 53. Bg3 {[%clk 0:00:26]} Rh1 {[%clk 0:00:24]} 54. Re2+
{[%clk 0:00:31]} Kd7 {[%clk 0:00:27]} 55. Rd2 {[%clk 0:00:31]} Kc6
{[%clk 0:00:32]} 56. Rc2+ {[%clk 0:00:35]} Kb5 {[%clk 0:00:35]} 57. Bd6
{[%clk 0:00:38]} Nb6 {[%clk 0:00:35]} 58. Rc5+ {[%clk 0:00:42]} Ka4
{[%clk 0:00:37]} 59. Rxf5 {[%clk 0:00:45]} h5 {[%clk 0:00:41]} 60. Kg6
{[%clk 0:00:36]} h4 {[%clk 0:00:43]} 61. Rf4+ {[%clk 0:00:40]} Kb5
{[%clk 0:00:46]} 62. Rxg4 {[%clk 0:00:44]} Nd5 {[%clk 0:00:47]} 63. Rg5
{[%clk 0:00:36]} Kc6 {[%clk 0:00:51]} 64. Be5 {[%clk 0:00:38]} Ne7+
{[%clk 0:00:51]} 65. Kh5 {[%clk 0:00:41]} h3 {[%clk 0:00:51]} 66. Kh4
{[%clk 0:00:38]} Kd7 {[%clk 0:00:53]} 67. Bf4 {[%clk 0:00:36]} Ke6
{[%clk 0:00:54]} 68. Re5+ {[%clk 0:00:39]} Kf6 {[%clk 0:00:56]} 69. Re4
{[%clk 0:00:36]} Ng6+ {[%clk 0:00:57]} 70. Kg4 {[%clk 0:00:39]} h2
{[%clk 0:00:56]} 71. Bxh2 Rxh2 {[%clk 0:01:01]} 72. Kg3 {[%clk 0:00:44]} Rh8
{[%clk 0:00:57]} 73. Ra4 {[%clk 0:00:48]} Ne5 {[%clk 0:01:01]} 74. Rf4+
{[%clk 0:00:48]} Ke6 {[%clk 0:01:04]} 75. Ra4 {[%clk 0:00:51]} Rg8+
{[%clk 0:01:07]} 76. Kh2 {[%clk 0:00:55]} Ng4+ {[%clk 0:01:08]} 77. Kg3
{[%clk 0:00:59]} Nxf2+ {[%clk 0:01:11]} 78. Kxf2 1/2-1/2

[Event "Championship Moscow 2015 Seniors rapid"]
[Site "?"]
[Date "2015.11.29"]
[Round "8.16"]
[White "Tseitline, Semen"]
[Black "Melikidze, Shota"]
[Result "1-0"]
[BlackElo "2115"]
[WhiteElo "1976"]
[LiveChessVersion "1.4.6"]

1. Nf3 {[%clk 0:10:08]} Nf6 {[%clk 0:10:06]} 2. c4 {[%clk 0:10:12]} g6
{[%clk 0:10:08]} 3. Nc3 {[%clk 0:10:14]} Bg7 {[%clk 0:10:12]} 4. d4
{[%clk 0:10:16]} O-O {[%clk 0:10:14]} 5. g3 {[%clk 0:10:20]} d6 {[%clk 0:10:18]}
6. Bg2 c5 7. O-O {[%clk 0:10:26]} Nc6 {[%clk 0:10:17]} 8. Bf4 {[%clk 0:09:46]}
cxd4 9. Nd5 e6 {[%clk 0:09:07]} 10. Nxf6+ {[%clk 0:09:38]} Bxf6 {[%clk 0:09:08]}
11. e3 {[%clk 0:09:15]} e5 {[%clk 0:08:26]} 12. Bh6 {[%clk 0:09:14]} Re8
{[%clk 0:08:15]} 13. exd4 {[%clk 0:08:51]} exd4 {[%clk 0:07:10]} 14. Qd2
{[%clk 0:08:00]} d5 {[%clk 0:05:26]} 15. c5 {[%clk 0:08:00]} Bf5 {[%clk 0:05:26]}
16. Rfe1 {[%clk 0:07:33]} Be4 {[%clk 0:04:19]} 17. a3 {[%clk 0:05:51]} d3 18. Ng5
{[%clk 0:05:49]} Bxg2 {[%clk 0:03:30]} 19. Kxg2 {[%clk 0:05:56]} Rxe1
{[%clk 0:02:12]} 20. Rxe1 {[%clk 0:05:38]} Ne5 {[%clk 0:01:17]} 21. b3
{[%clk 0:05:29]} Rc8 {[%clk 0:00:47]} 22. b4 {[%clk 0:04:53]} Nc4 23. Qf4
{[%clk 0:04:53]} Bxg5 {[%clk 0:00:15]} 24. Bxg5 Qf8 {[%clk 0:00:00]} 25. Bh6 Qe7
1-0

[Event "Championship Moscow 2015 Seniors rapid"]
[Site "?"]
[Date "2015.11.29"]
[Round "8.17"]
[White "Gik, Evgeny"]
[Black "Goroshilov, Vladislav"]
[Result "1-0"]
[BlackElo "2037"]
[WhiteElo "2164"]
[LiveChessVersion "1.4.6"]

1. e4 d5 2. exd5 {[%clk 0:10:11]} Qxd5 {[%clk 0:10:09]} 3. Nc3 {[%clk 0:10:14]}
Qd6 {[%clk 0:10:13]} 4. d4 {[%clk 0:10:12]} Nf6 {[%clk 0:10:17]} 5. Be2
{[%clk 0:09:56]} c6 {[%clk 0:10:20]} 6. h3 {[%clk 0:09:57]} Bf5 {[%clk 0:09:43]}
7. Nf3 {[%clk 0:10:00]} Ne4 {[%clk 0:09:18]} 8. Nh4 {[%clk 0:09:38]} e6
{[%clk 0:07:33]} 9. Nxf5 {[%clk 0:09:32]} exf5 {[%clk 0:07:37]} 10. O-O
{[%clk 0:09:22]} Nd7 {[%clk 0:07:40]} 11. Bc4 {[%clk 0:09:16]} Be7
{[%clk 0:07:21]} 12. Re1 {[%clk 0:08:32]} Ndf6 {[%clk 0:06:29]} 13. Be3
{[%clk 0:07:15]} O-O {[%clk 0:06:29]} 14. Ne2 {[%clk 0:07:08]} Nd5
{[%clk 0:06:16]} 15. Bc1 {[%clk 0:06:42]} b5 {[%clk 0:06:12]} 16. Bb3
{[%clk 0:06:36]} a5 {[%clk 0:06:14]} 17. a4 {[%clk 0:06:25]} Bd8 {[%clk 0:05:39]}
18. g3 {[%clk 0:06:02]} Bc7 {[%clk 0:05:07]} 19. Nf4 {[%clk 0:06:05]} Rfe8
{[%clk 0:04:35]} 20. c3 {[%clk 0:05:55]} Qd7 {[%clk 0:04:20]} 21. axb5
{[%clk 0:05:38]} Nxf4 {[%clk 0:04:21]} 22. Bxf4 {[%clk 0:05:24]} Bxf4
{[%clk 0:04:10]} 23. gxf4 {[%clk 0:05:11]} cxb5 {[%clk 0:04:07]} 24. Qd3
{[%clk 0:04:41]} Qd6 {[%clk 0:03:52]} 25. Qe3 {[%clk 0:04:02]} a4
{[%clk 0:03:03]} 26. Bc2 {[%clk 0:03:56]} h6 {[%clk 0:03:04]} 27. Qf3
{[%clk 0:03:29]} Re7 {[%clk 0:02:35]} 28. Re3 {[%clk 0:03:03]} a3
{[%clk 0:02:25]} 29. Rxa3 {[%clk 0:02:57]} Rxa3 {[%clk 0:02:28]} 30. bxa3
{[%clk 0:03:01]} Qxa3 {[%clk 0:02:10]} 31. Bxe4 {[%clk 0:03:00]} fxe4
{[%clk 0:02:09]} 32. Rxe4 {[%clk 0:02:53]} Rc7 {[%clk 0:01:27]} 33. Re8+
{[%clk 0:02:49]} Kh7 {[%clk 0:01:31]} 34. Qe4+ {[%clk 0:02:51]} g6
{[%clk 0:01:35]} 35. Qe5 {[%clk 0:02:50]} g5 {[%clk 0:01:16]} 36. Qxc7
{[%clk 0:02:48]} Qc1+ {[%clk 0:01:15]} 37. Kg2 {[%clk 0:02:50]} Kg6
{[%clk 0:00:58]} 38. fxg5 {[%clk 0:02:45]} hxg5 {[%clk 0:00:54]} 39. Rg8+
{[%clk 0:02:46]} Kh6 {[%clk 0:00:51]} 40. Qxf7 {[%clk 0:02:45]} 1-0

[Event "Championship Moscow 2015 Seniors rapid"]
[Site "?"]
[Date "2015.11.29"]
[Round "8.18"]
[White "Kondratiev, Vissarion L."]
[Black "Frumson, Yury"]
[Result "0-1"]
[BlackElo "2049"]
[WhiteElo "1989"]
[LiveChessVersion "1.4.6"]

1. e4 {[%clk 0:10:08]} e5 {[%clk 0:10:09]} 2. Nc3 {[%clk 0:10:09]} Nc6
{[%clk 0:10:12]} 3. Bc4 {[%clk 0:10:12]} Nf6 {[%clk 0:10:09]} 4. d3
{[%clk 0:10:13]} Bb4 {[%clk 0:10:10]} 5. Bg5 {[%clk 0:10:11]} h6 {[%clk 0:10:13]}
6. Bd2 {[%clk 0:10:14]} O-O {[%clk 0:10:13]} 7. a3 {[%clk 0:10:15]} Be7
{[%clk 0:10:11]} 8. f4 {[%clk 0:10:02]} d6 {[%clk 0:10:15]} 9. f5
{[%clk 0:09:38]} Nd4 {[%clk 0:10:18]} 10. Nf3 {[%clk 0:09:34]} c6
{[%clk 0:10:21]} 11. O-O {[%clk 0:09:06]} d5 {[%clk 0:10:25]} 12. Ba2
{[%clk 0:08:58]} Nxf3+ {[%clk 0:10:10]} 13. Qxf3 {[%clk 0:08:40]} dxe4
{[%clk 0:10:06]} 14. Nxe4 {[%clk 0:08:40]} Nxe4 {[%clk 0:09:51]} 15. Qxe4
{[%clk 0:08:41]} Qb6+ {[%clk 0:08:23]} 16. Kh1 {[%clk 0:08:28]} Qxb2
{[%clk 0:08:26]} 17. f6 {[%clk 0:08:17]} Bxf6 {[%clk 0:08:26]} 18. Bxh6
{[%clk 0:07:07]} Qd4 {[%clk 0:08:21]} 19. Qe1 {[%clk 0:06:28]} Qh4
{[%clk 0:08:15]} 20. Qd2 {[%clk 0:05:39]} gxh6 {[%clk 0:07:53]} 21. g3
{[%clk 0:05:12]} Qg5 {[%clk 0:07:54]} 22. Qf2 {[%clk 0:05:15]} Bg7
{[%clk 0:07:44]} 23. Bxf7+ Kh8 24. h4 {[%clk 0:05:02]} Qe7 {[%clk 0:06:53]} 25.
Qf3 {[%clk 0:04:52]} Be6 {[%clk 0:06:56]} 0-1

[Event "Championship Moscow 2015 Seniors rapid"]
[Site "?"]
[Date "2015.11.29"]
[Round "8.19"]
[White "Zverkhovski, Vladimir"]
[Black "Sinelnikov, Igor"]
[Result "1/2-1/2"]
[BlackElo "2117"]
[WhiteElo "1939"]
[LiveChessVersion "1.4.6"]

1. d4 {[%clk 0:10:09]} Nf6 {[%clk 0:10:08]} 2. Nf3 {[%clk 0:10:11]} g6
{[%clk 0:10:12]} 3. g3 {[%clk 0:10:14]} Bg7 {[%clk 0:10:16]} 4. Bg2
{[%clk 0:10:18]} O-O {[%clk 0:10:19]} 5. O-O {[%clk 0:10:22]} d6 {[%clk 0:10:17]}
6. b3 {[%clk 0:10:18]} Nbd7 {[%clk 0:10:17]} 7. Bb2 {[%clk 0:10:22]} c6
{[%clk 0:10:09]} 8. Nbd2 {[%clk 0:10:24]} Qc7 {[%clk 0:10:11]} 9. c4
{[%clk 0:10:16]} e5 {[%clk 0:10:06]} 10. dxe5 {[%clk 0:10:17]} dxe5
{[%clk 0:10:10]} 11. Ng5 {[%clk 0:09:51]} Re8 {[%clk 0:09:37]} 12. Nde4
{[%clk 0:09:40]} h6 {[%clk 0:08:49]} 13. Nxf6+ {[%clk 0:09:37]} Nxf6
{[%clk 0:08:52]} 14. Ne4 {[%clk 0:09:40]} Nxe4 {[%clk 0:08:44]} 15. Bxe4
{[%clk 0:09:43]} f5 {[%clk 0:08:30]} 16. Bg2 {[%clk 0:09:47]} Be6
{[%clk 0:08:27]} 17. Qc2 {[%clk 0:09:35]} Rad8 {[%clk 0:08:16]} 18. Rad1
{[%clk 0:09:13]} a6 {[%clk 0:08:13]} 19. e3 {[%clk 0:09:11]} b5 {[%clk 0:07:55]}
20. cxb5 {[%clk 0:08:54]} axb5 {[%clk 0:07:02]} 21. Qxc6 {[%clk 0:08:27]} Qxc6
{[%clk 0:04:58]} 22. Bxc6 {[%clk 0:08:31]} Rxd1 {[%clk 0:04:56]} 23. Rxd1
{[%clk 0:08:35]} Rb8 {[%clk 0:04:58]} 24. f4 {[%clk 0:08:24]} Rb6
{[%clk 0:04:20]} 25. Bd5 {[%clk 0:07:41]} Kf7 {[%clk 0:03:27]} 26. Bxe6+
{[%clk 0:06:32]} Kxe6 {[%clk 0:03:29]} 27. Kf2 {[%clk 0:04:10]} Ra6
{[%clk 0:02:59]} 28. a3 {[%clk 0:03:53]} g5 {[%clk 0:02:35]} 29. fxe5
{[%clk 0:03:29]} Bxe5 {[%clk 0:02:18]} 30. Bxe5 {[%clk 0:03:33]} Kxe5
{[%clk 0:02:21]} 31. Ra1 {[%clk 0:03:37]} Rc6 {[%clk 0:02:08]} 32. Ra2
{[%clk 0:03:23]} Rc3 {[%clk 0:01:55]} 33. Rb2 {[%clk 0:03:17]} Ke4
{[%clk 0:01:55]} 34. a4 {[%clk 0:03:17]} b4 {[%clk 0:01:13]} 35. a5
{[%clk 0:03:11]} Rc6 {[%clk 0:00:57]} 36. Ra2 {[%clk 0:03:12]} Ra6
{[%clk 0:00:55]} 37. Ra4 {[%clk 0:03:13]} Kd3 {[%clk 0:00:56]} 38. Rxb4
{[%clk 0:03:02]} Rxa5 {[%clk 0:00:53]} 39. Rd4+ {[%clk 0:03:05]} Kc3
{[%clk 0:00:57]} 40. b4 {[%clk 0:03:08]} Ra2+ {[%clk 0:00:58]} 41. Kf3
{[%clk 0:03:01]} Rxh2 {[%clk 0:01:02]} 42. b5 {[%clk 0:02:58]} h5
{[%clk 0:00:54]} 43. Rd5 {[%clk 0:02:50]} g4+ {[%clk 0:00:43]} 44. Kf4
{[%clk 0:02:53]} Rf2+ {[%clk 0:00:47]} 45. Kg5 {[%clk 0:02:57]} Rf3
{[%clk 0:00:50]} 46. Kxh5 {[%clk 0:02:33]} Kc4 {[%clk 0:00:52]} 47. Re5
{[%clk 0:02:34]} Rxg3 {[%clk 0:00:52]} 48. Rxf5 {[%clk 0:02:35]} Rxe3
{[%clk 0:00:51]} 49. Kxg4 {[%clk 0:02:38]} Rb3 {[%clk 0:00:56]} 1/2-1/2

[Event "Championship Moscow 2015 Seniors rapid"]
[Site "?"]
[Date "2015.11.29"]
[Round "8.20"]
[White "Dubrovin, Anatoly"]
[Black "Piatin, Oleg"]
[Result "0-1"]
[BlackElo "2092"]
[WhiteElo "1927"]
[LiveChessVersion "1.4.6"]

1. e4 Nc6 2. d4 d5 3. e5 Bf5 4. c3 Qd7 5. f4 f6 6. Nf3 e6 7. h3 h5 8. Bd3 Nh6 9.
Nh4 Bxd3 10. Qxd3 O-O-O 11. Be3 Ne7 12. Nd2 Nhf5 13. Nxf5 Nxf5 14. O-O-O Ng3 15.
Rhg1 f5 16. Nf3 Be7 17. h4 Kb8 18. Ng5 Bxg5 19. fxg5 g6 20. Kb1 Rhf8 21. Bf4 Ne4
22. Rgf1 Rc8 23. c4 b6 24. Rc1 dxc4 25. Qxc4 c5 26. dxc5 Rxc5 27. Qe2 Rfc8 28.
Rxc5 Rxc5 29. Rd1 Rd5 30. Rc1 Kb7 31. Qf3 Rd3 32. Qe2 Kb8 33. Qc2 Rd5 34. Qc6 Nc5
35. Qxd7 Rxd7 36. Kc2 Nd3 37. Rf1 Nxf4 38. Rxf4 Rd5 39. Rf2 Rxe5 40. g3 Re3 41.
Rg2 e5 42. Kd2 Rf3 43. Ke2 e4 44. b3 Kc7 45. Kd2 Kd6 46. Ke2 Ke5 47. Rg1 a5 48.
Rg2 b5 49. Rg1 a4 50. bxa4 bxa4 51. Rg2 Ra3 52. Kd1 Kd4 53. Kc1 Ke3 54. Kb2 Rd3
55. Kc2 Kf3 56. Rg1 Ra3 57. Kb2 Re3 58. Kc2 Kf2 59. Rb1 Kxg3 60. Rh1 f4 61. Kd1
0-1

[Event "Championship Moscow 2015 Seniors rapid"]
[Site "?"]
[Date "2015.11.29"]
[Round "9.2"]
[White "Arkhipov, Sergey"]
[Black "Kuindzhy, Alexander"]
[Result "1-0"]
[BlackElo "2317"]
[WhiteElo "2507"]
[LiveChessVersion "1.4.6"]

1. d4 {[%clk 0:10:09]} Nf6 {[%clk 0:10:09]} 2. c4 {[%clk 0:10:13]} e6
{[%clk 0:10:12]} 3. Nc3 {[%clk 0:10:16]} Bb4 {[%clk 0:10:16]} 4. Nf3
{[%clk 0:10:19]} O-O {[%clk 0:10:18]} 5. Bg5 {[%clk 0:10:22]} h6 {[%clk 0:09:59]}
6. Bh4 {[%clk 0:10:26]} d5 {[%clk 0:09:59]} 7. e3 {[%clk 0:10:25]} Nbd7
{[%clk 0:09:57]} 8. Qc2 {[%clk 0:10:24]} c6 {[%clk 0:09:47]} 9. Bd3
{[%clk 0:10:14]} b6 {[%clk 0:09:41]} 10. O-O {[%clk 0:10:15]} Bb7
{[%clk 0:09:42]} 11. cxd5 {[%clk 0:09:48]} cxd5 {[%clk 0:09:37]} 12. Ne5
{[%clk 0:09:35]} Be7 {[%clk 0:09:12]} 13. f4 {[%clk 0:09:25]} Nxe5
{[%clk 0:09:09]} 14. fxe5 {[%clk 0:09:27]} Ng4 {[%clk 0:09:13]} 15. Bxe7
{[%clk 0:09:22]} Qxe7 {[%clk 0:09:16]} 16. Qe2 {[%clk 0:09:19]} Qg5
{[%clk 0:08:55]} 17. Rf3 {[%clk 0:08:13]} h5 {[%clk 0:08:33]} 18. Raf1
{[%clk 0:07:39]} f6 {[%clk 0:07:43]} 19. h3 {[%clk 0:07:01]} Nh6 {[%clk 0:07:39]}
20. exf6 {[%clk 0:06:52]} Rxf6 {[%clk 0:07:29]} 21. Rxf6 {[%clk 0:06:55]} gxf6
{[%clk 0:07:32]} 22. Qf3 {[%clk 0:06:20]} Rf8 {[%clk 0:07:06]} 23. e4
{[%clk 0:06:01]} dxe4 {[%clk 0:05:57]} 24. Bxe4 {[%clk 0:05:50]} Ba6
{[%clk 0:05:44]} 25. Rf2 {[%clk 0:05:35]} f5 {[%clk 0:04:55]} 26. Bc2
{[%clk 0:05:19]} Qc1+ {[%clk 0:03:54]} 27. Kh2 {[%clk 0:05:07]} Qg5
{[%clk 0:03:19]} 28. Bb3 {[%clk 0:05:07]} Rf6 {[%clk 0:03:10]} 29. Ne4 1-0

[Event "Championship Moscow 2015 Seniors rapid"]
[Site "?"]
[Date "2015.11.29"]
[Round "9.3"]
[White "Tsarev, Valery"]
[Black "Hait, Alexander"]
[Result "1/2-1/2"]
[BlackElo "2218"]
[WhiteElo "2270"]
[LiveChessVersion "1.4.6"]

1. c4 {[%clk 0:10:09]} c6 {[%clk 0:10:08]} 2. Nf3 {[%clk 0:10:13]} d5
{[%clk 0:10:10]} 3. e3 {[%clk 0:10:17]} Nf6 {[%clk 0:10:10]} 4. Nc3
{[%clk 0:10:21]} e6 {[%clk 0:09:50]} 5. d4 {[%clk 0:10:21]} Nbd7 {[%clk 0:09:50]}
6. Qc2 {[%clk 0:10:26]} Bd6 {[%clk 0:09:54]} 7. b3 {[%clk 0:10:30]} O-O
{[%clk 0:09:55]} 8. Be2 {[%clk 0:10:34]} Qe7 {[%clk 0:09:57]} 9. O-O
{[%clk 0:10:37]} dxc4 {[%clk 0:09:28]} 10. bxc4 {[%clk 0:10:41]} e5
{[%clk 0:09:31]} 11. a4 {[%clk 0:10:45]} Re8 {[%clk 0:09:15]} 12. Rd1
{[%clk 0:10:26]} e4 {[%clk 0:09:01]} 13. Nd2 {[%clk 0:10:29]} Nf8
{[%clk 0:09:03]} 14. Qb3 {[%clk 0:10:31]} Bg4 {[%clk 0:08:55]} 15. Ba3
{[%clk 0:09:58]} Bxe2 {[%clk 0:08:46]} 16. Nxe2 {[%clk 0:10:02]} Bxa3
{[%clk 0:06:59]} 17. Qxa3 {[%clk 0:10:05]} Qc7 {[%clk 0:06:57]} 18. a5
{[%clk 0:09:54]} Ng6 {[%clk 0:06:50]} 19. Qc5 {[%clk 0:09:51]} b6
{[%clk 0:06:16]} 20. Qf5 {[%clk 0:09:43]} c5 {[%clk 0:06:04]} 21. axb6
{[%clk 0:08:29]} axb6 {[%clk 0:06:07]} 22. Rxa8 {[%clk 0:08:17]} Rxa8
{[%clk 0:06:10]} 23. Nxe4 {[%clk 0:08:12]} Nxe4 {[%clk 0:06:07]} 24. Qxe4
{[%clk 0:08:15]} Ra4 {[%clk 0:05:29]} 25. Qe8+ {[%clk 0:08:13]} 1/2-1/2

[Event "Championship Moscow 2015 Seniors rapid"]
[Site "?"]
[Date "2015.11.29"]
[Round "9.5"]
[White "Balashov, Yuri S"]
[Black "Lyubimov, Anatoly"]
[Result "1/2-1/2"]
[BlackElo "2147"]
[WhiteElo "2385"]
[LiveChessVersion "1.4.6"]

1. e4 {[%clk 0:10:07]} c6 {[%clk 0:10:05]} 2. d4 {[%clk 0:10:09]} d5
{[%clk 0:10:08]} 3. e5 {[%clk 0:10:14]} Bf5 {[%clk 0:10:00]} 4. Nf3
{[%clk 0:10:17]} Bg4 {[%clk 0:10:00]} 5. Be2 {[%clk 0:10:21]} e6 {[%clk 0:10:03]}
6. Nbd2 {[%clk 0:10:24]} h5 {[%clk 0:09:41]} 7. O-O {[%clk 0:10:26]} Nh6
{[%clk 0:09:35]} 8. h3 {[%clk 0:10:28]} Bxf3 {[%clk 0:09:38]} 9. Nxf3
{[%clk 0:10:32]} g6 {[%clk 0:09:37]} 10. c3 {[%clk 0:10:15]} Nf5 {[%clk 0:09:22]}
11. Bd3 {[%clk 0:10:00]} c5 {[%clk 0:09:14]} 12. dxc5 {[%clk 0:09:25]} Bxc5
{[%clk 0:09:08]} 13. b4 {[%clk 0:09:24]} Be7 {[%clk 0:08:44]} 14. a3
{[%clk 0:09:24]} Qc7 {[%clk 0:08:17]} 15. Bd2 {[%clk 0:09:05]} Nd7
{[%clk 0:08:09]} 16. Rc1 {[%clk 0:08:57]} Nb6 {[%clk 0:07:59]} 17. Nd4
{[%clk 0:08:48]} Nc4 {[%clk 0:07:34]} 18. Re1 {[%clk 0:08:30]} a6
{[%clk 0:07:17]} 19. Bf4 {[%clk 0:08:24]} Nb2 {[%clk 0:07:01]} 20. Qe2
{[%clk 0:08:27]} Nxd3 {[%clk 0:07:03]} 21. Qxd3 {[%clk 0:08:31]} Qc4
{[%clk 0:07:01]} 22. Qxc4 {[%clk 0:08:23]} dxc4 {[%clk 0:07:05]} 23. Nxf5
{[%clk 0:08:27]} gxf5 {[%clk 0:07:04]} 24. Rcd1 {[%clk 0:08:30]} Rd8
{[%clk 0:06:30]} 25. a4 {[%clk 0:08:33]} Rg8 {[%clk 0:05:55]} 26. Be3
{[%clk 0:08:37]} f6 {[%clk 0:04:51]} 27. Bd4 {[%clk 0:08:19]} Kf7
{[%clk 0:04:46]} 28. b5 {[%clk 0:08:13]} axb5 {[%clk 0:04:33]} 29. axb5
{[%clk 0:08:17]} fxe5 {[%clk 0:04:25]} 30. Bxe5 {[%clk 0:08:19]} Bf6
{[%clk 0:04:01]} 31. Ra1 {[%clk 0:08:17]} Rd5 {[%clk 0:03:48]} 32. Bxf6
{[%clk 0:08:03]} Kxf6 {[%clk 0:03:52]} 33. b6 {[%clk 0:08:03]} Rc8
{[%clk 0:03:29]} 34. Ra7 {[%clk 0:08:00]} Rd7 {[%clk 0:03:32]} 1/2-1/2